<?xml version="1.0" encoding="UTF-8"?>
<collection xmlns="http://www.loc.gov/MARC21/slim">
 <record>
  <leader>01091nam a2200253   4500</leader>
  <controlfield tag="001">000009860</controlfield>
  <controlfield tag="003">6058</controlfield>
  <controlfield tag="005">20150812140808.0</controlfield>
  <controlfield tag="008">111103s                               sd</controlfield>
  <datafield tag="100" ind1="0" ind2=" ">
   <subfield code="a">Đào Tố Uyên</subfield>
  </datafield>
  <datafield tag="245" ind1="0" ind2="0">
   <subfield code="a">Giáo trình lịch sử Việt Nam</subfield>
   <subfield code="c">Đào Tố Uyên</subfield>
  </datafield>
  <datafield tag="774" ind1=" " ind2=" ">
   <subfield code="a">Nguyễn Cảnh Minh</subfield>
   <subfield code="d">Đại học Sư phạm</subfield>
   <subfield code="d">H.</subfield>
   <subfield code="d">2008</subfield>
   <subfield code="g">T.3</subfield>
   <subfield code="h">227tr.</subfield>
   <subfield code="t">Từ thế kỉ XVI đến năm 1858</subfield>
   <subfield code="w">6061</subfield>
  </datafield>
  <datafield tag="774" ind1=" " ind2=" ">
   <subfield code="a">Đào Tố Uyên</subfield>
   <subfield code="d">Đại học Sư phạm</subfield>
   <subfield code="d">H.</subfield>
   <subfield code="d">2008</subfield>
   <subfield code="g">T.2</subfield>
   <subfield code="h">199tr.</subfield>
   <subfield code="t">Từ thế kỉ X đến đầu thế kỉ XVI</subfield>
   <subfield code="w">6057</subfield>
  </datafield>
  <datafield tag="774" ind1=" " ind2=" ">
   <subfield code="a">Trần Bá Đệ</subfield>
   <subfield code="d">Đại học Sư phạm</subfield>
   <subfield code="d">H.</subfield>
   <subfield code="d">2008</subfield>
   <subfield code="g">T. 6</subfield>
   <subfield code="h">203tr.</subfield>
   <subfield code="t">Từ 1945 đến 1954</subfield>
   <subfield code="w">6075</subfield>
  </datafield>
  <datafield tag="774" ind1=" " ind2=" ">
   <subfield code="a">Trần Bá Đệ</subfield>
   <subfield code="d">Đại học Sư phạm</subfield>
   <subfield code="d">H.</subfield>
   <subfield code="d">2008</subfield>
   <subfield code="g">T. 8</subfield>
   <subfield code="h">211tr.</subfield>
   <subfield code="t">Từ 1975 đến nay</subfield>
   <subfield code="w">6071</subfield>
  </datafield>
  <datafield tag="774" ind1=" " ind2=" ">
   <subfield code="a">Trần Bá Đệ</subfield>
   <subfield code="d">Đại học Sư phạm</subfield>
   <subfield code="d">H.</subfield>
   <subfield code="d">2008</subfield>
   <subfield code="g">T. 7</subfield>
   <subfield code="h">337tr.</subfield>
   <subfield code="t">Từ 1954 đến 1975</subfield>
   <subfield code="w">6065</subfield>
  </datafield>
  <datafield tag="OWN" ind1=" " ind2=" ">
   <subfield code="a">LSP</subfield>
  </datafield>
  <datafield tag="999" ind1=" " ind2=" ">
   <subfield code="a">From the UDN01</subfield>
  </datafield>
  <datafield tag="TYP" ind1=" " ind2=" ">
   <subfield code="a">Monograph</subfield>
  </datafield>
  <datafield tag="TYP" ind1=" " ind2=" ">
   <subfield code="a">Printed language</subfield>
  </datafield>
  <datafield tag="980" ind1=" " ind2=" ">
   <subfield code="a">Mạng thư viện Đại học Đà Nẵng</subfield>
  </datafield>
 </record>
</collection>
